Normal view MARC view
  • Sefrou (Morocco)

Entry Geographic Name

Number of records used in: 2

001 - CONTROL NUMBER

  • control field: 10412

003 - CONTROL NUMBER IDENTIFIER

  • control field: NUST

005 - DATE AND TIME OF LATEST TRANSACTION

  • control field: 20180521074309.0

008 - FIXED-LENGTH DATA ELEMENTS

  • fixed length control field: 180521|| aca||aabn | a|a d

040 ## - CATALOGING SOURCE

  • Original cataloging agency: NUST
  • Transcribing agency: NUST

151 ## - HEADING--GEOGRAPHIC NAME

  • Geographic name: Sefrou (Morocco)
  • General subdivision: Social life and customs.

670 ## - SOURCE DATA FOUND

  • Source citation: Work cat.: (NUST)0: Rosen, Lawrence, 1941- 10411, Bargaining for reality :, c1984.
© 2023 Central Library, National University of Sciences and Technology. All Rights Reserved.